| 000 | 01185cam a2200337 a 4500 | ||
|---|---|---|---|
| 001 | 13330289 | ||
| 003 | OSt | ||
| 005 | 20140310184358.0 | ||
| 008 | 030902s2003 nyu c 000 1 eng | ||
| 010 | _a 2003019477 | ||
| 020 | _a0590690132 | ||
| 040 |
_aDLC _cDLC _dDLC |
||
| 042 | _alcac | ||
| 050 | 0 | 0 |
_aPZ 7 _b.P2843Bof 2003 |
| 100 | 1 |
_aPaulsen, Gary. _95626 |
|
| 245 | 1 | 0 |
_aBrian's winter/ _cGary Paulsen. |
| 260 |
_aNew York : _bWendy Lamb Books, _c2003. |
||
| 300 |
_a133 p. : _c22 cm. |
||
| 521 | _aG9 | ||
| 526 | _c1140 | ||
| 650 | 1 |
_aDogs _vFiction. _925659 |
|
| 650 | 1 |
_aHunting _vFiction. _925660 |
|
| 650 | 1 |
_aBears _vFiction. _925661 |
|
| 856 | 4 | 2 |
_3Contributor biographical information _uhttp://www.loc.gov/catdir/bios/random055/2003019477.html |
| 856 | 4 | 2 |
_3Publisher description _uhttp://www.loc.gov/catdir/description/random052/2003019477.html |
| 856 | 4 | 1 |
_3Sample text _uhttp://www.loc.gov/catdir/samples/random045/2003019477.html |
| 906 |
_a7 _bcbc _corignew _d1 _eecip _f20 _gy-gencatlg |
||
| 942 |
_2lcc _cBK-SCHOLAS |
||
| 999 |
_c34024 _d34024 |
||